06573 2202797 4500001002100000005001500021035002000036007000300056008004100059020001800100082001200118084002400130100001500154245006000169260002600229990001600255990001600271990001600287990001600303990001600319990001600335990001600351990001600367990001600383990001600399990001600415990001600431990001600447990001600463990001600479990001600495990001600511990001600527990001600543990001600559990001600575990001600591990001600607990001600623990001600639990001600655990001600671990001600687990001600703990001600719990001600735990001600751990001600767990001600783990001600799990001600815990001600831990001600847990001600863990001600879990001600895990001600911990001600927990001600943990001600959990001600975990001600991990001601007990001601023990001601039990001601055990001601071990001601087990001601103990001601119990001601135990001601151990001601167990001601183990001601199990001601215990001601231990001601247990001601263990001601279990001601295990001601311990001601327990001601343990001601359990001601375990001601391990001601407990001601423990001601439990001601455990001601471990001601487990001601503990001601519990001601535990001601551990001601567990001601583990001601599990001601615990001601631990001601647990001601663990001601679990001601695990001601711990001601727990001601743990001601759990001601775990001601791990001601807990001601823990001601839990001601855990001601871990001601887990001601903990001601919990001601935990001601951990001601967990001601983990001601999990001602015990001602031990001602047990001602063990001602079990001602095990001602111990001602127990001602143990001602159990001602175990001602191990001602207990001602223990001602239990001602255990001602271990001602287990001602303990001602319990001602335990001602351990001602367990001602383990001602399990001602415990001602431990001602447990001602463990001602479990001602495990001602511990001602527990001602543990001602559990001602575990001602591990001602607990001602623990001602639990001602655990001602671990001602687990001602703990001602719990001602735990001602751990001602767990001602783990001602799990001602815990001602831990001602847990001602863990001602879990001602895990001602911990001602927990001602943990001602959990001602975990001602991990001603007990001603023990001603039990001603055990001603071990001603087990001603103990001603119990001603135990001603151990001603167990001603183990001603199990001603215990001603231990001603247990001603263990001603279990001603295990001603311990001603327990001603343990001603359990001603375990001603391990001603407990001603423990001603439990001603455990001603471990001603487990001603503990001603519990001603535990001603551990001603567990001603583990001603599990001603615990001603631990001603647990001603663990001603679990001603695990001603711990001603727990001603743990001603759INLIS00000000000042220210424103141 a0010-0421000422ta210424 g 0 ind  a978-602-293-8 a297.267 a297.267 KEM s.c.2200 aKemenag RI1 aSejarah Kebudayaan Islam untuk Madrasah Aliyah Kelas XI aJakarta :bKemenag RI a2017/h/0979 a2017/h/0980 a2017/h/0981 a2017/h/0982 a2017/h/0983 a2017/h/0984 a2017/h/0985 a2017/h/0986 a2017/h/0987 a2017/h/0988 a2017/h/0989 a2017/h/0990 a2017/h/0991 a2017/h/0992 a2017/h/0993 a2017/h/0994 a2017/h/0995 a2017/h/0996 a2017/h/0997 a2017/h/0998 a2017/h/0999 a2017/h/1000 a2017/h/1001 a2017/h/1002 a2017/h/1003 a2017/h/1004 a2017/h/1005 a2017/h/1006 a2017/h/1007 a2017/h/1008 a2017/h/1009 a2017/h/1010 a2017/h/1011 a2017/h/1012 a2017/h/1013 a2017/h/1014 a2017/h/1015 a2017/h/1016 a2017/h/1017 a2017/h/1018 a2017/h/1019 a2017/h/1020 a2017/h/1021 a2017/h/1022 a2017/h/1023 a2017/h/1024 a2017/h/1025 a2017/h/1026 a2017/h/1027 a2017/h/1028 a2017/h/1029 a2017/h/1030 a2017/h/1031 a2017/h/1032 a2017/h/1033 a2017/h/1034 a2017/h/1035 a2017/h/1036 a2017/h/1037 a2017/h/1038 a2017/h/1039 a2017/h/1040 a2017/h/1041 a2017/h/1042 a2017/h/1043 a2017/h/1044 a2017/h/1045 a2017/h/1046 a2017/h/1047 a2017/h/1048 a2017/h/1049 a2017/h/1050 a2017/h/1051 a2017/h/1052 a2017/h/1053 a2017/h/1054 a2017/h/1055 a2017/h/1056 a2017/h/1057 a2017/h/1058 a2017/h/1059 a2017/h/1060 a2017/h/1061 a2017/h/1062 a2017/h/1063 a2017/h/1064 a2017/h/1065 a2017/h/1066 a2017/h/1067 a2017/h/1068 a2017/h/1069 a2017/h/1070 a2017/h/1071 a2017/h/1072 a2017/h/1073 a2017/h/1074 a2017/h/1075 a2017/h/1076 a2017/h/1077 a2017/h/1078 a2017/h/1079 a2017/h/1080 a2017/h/1081 a2017/h/1082 a2017/h/1083 a2017/h/1084 a2017/h/1085 a2017/h/1086 a2017/h/1087 a2017/h/1088 a2017/h/1089 a2017/h/1090 a2017/h/1091 a2017/h/1092 a2017/h/1093 a2017/h/1094 a2017/h/1095 a2017/h/1096 a2017/h/1097 a2017/h/1098 a2017/h/1099 a2017/h/1100 a2017/h/1101 a2017/h/1102 a2017/h/1103 a2017/h/1104 a2017/h/1105 a2017/h/1106 a2017/h/1107 a2017/h/1108 a2017/h/1109 a2017/h/1110 a2017/h/1111 a2017/h/1112 a2017/h/1113 a2017/h/1114 a2017/h/1115 a2017/h/1116 a2017/h/1117 a2017/h/1118 a2017/h/1119 a2017/h/1120 a2017/h/1121 a2017/h/1122 a2017/h/1123 a2017/h/1124 a2017/h/1125 a2017/h/1126 a2017/h/1127 a2017/h/1128 a2017/h/1129 a2017/h/1130 a2017/h/1131 a2017/h/1132 a2017/h/1133 a2017/h/1134 a2017/h/1135 a2017/h/1136 a2017/h/1137 a2017/h/1138 a2017/h/1139 a2017/h/1140 a2017/h/1141 a2017/h/1142 a2017/h/1143 a2017/h/1144 a2017/h/1145 a2017/h/1146 a2017/h/1147 a2017/h/1148 a2017/h/1149 a2017/h/1150 a2017/h/1151 a2017/h/1152 a2017/h/1153 a2017/h/1154 a2017/h/1155 a2017/h/1156 a2017/h/1157 a2017/h/1158 a2017/h/1159 a2017/h/1160 a2017/h/1161 a2017/h/1162 a2017/h/1163 a2017/h/1164 a2017/h/1165 a2017/h/1166 a2017/h/1167 a2017/h/1168 a2017/h/1169 a2017/h/1170 a2017/h/1171 a2017/h/1172 a2017/h/1173 a2017/h/1174 a2017/h/1175 a2017/h/1176 a2017/h/1177 a2017/h/1178 a2017/h/1179 a2017/h/1180 a2017/h/1181 a2017/h/1182 a2017/h/1183 a2017/h/1184 a2017/h/1185 a2017/h/1186 a2017/h/1187 a2017/h/1188 a2017/h/1189 a2017/h/1190 a2017/h/1191 a2017/h/1192 a2017/h/1193 a2017/h/1194 a2017/h/1195 a2017/h/1196 a2017/h/1197 a2017/h/1198